000 00467nam a2200181Ia 4500
008 090123s9999 xx 000 0 und d
082 _b7564
100 _aमाळवदे रमण
245 _aदालन
250 _a1
260 _bप्रिया प्रकाशन
300 _a160
600 _aमाळवदे रमण
630 _aदालन
700 _aमाळवदे रमण
730 _aदालन
942 _cBOOK
999 _c45630
_d45630